000 01018nam0a22003011 4500
001 RU\INFOCOMM_318\NLR\5000082825
005 20250613103940.0
035 _a(NLR Aleph) 009483605
090 _a8603383
_c8603383
100 _a20121204d1987 |||y0rusy50 ca
101 1 _anor
102 _aRU
105 _ay z |||||
200 1 _aEstland
_fRessi Kaera
_g[Overs.: Tatjana Arro]
210 _aM.
_cPressebyrået "Novostis" forl.
_d1987
215 _a103 с., [8] л. цв. ил.
_cцв. ил., ил., портр., карт.
_d19 см
225 1 _aDe sosialistiske sovjetrep.
300 _aНа обороте тит. л.: Эстония / Ресси Александровна Каэра
300 _aНа обл. авт. не указан
607 _aЭстонская ССР
_2nlr_sh1
620 _aМосква
686 _aД890(733,17)
_2rubbk
700 1 _aKaera
_bR.
_gRessi
801 1 _aRU
_bNLR
_c20121204
801 0 _aRU
_bINFOCOMM
_gPSBO
852 _aNLR
_jГ01 Д-3/854
942 _cBOOK
980 _aNB